The Bhagavadgĩtã

Sparad:
Bibliografiska uppgifter
Huvudupphovsman: The Bhagavadgĩtã
Materialtyp: Bok
Språk:Undetermined
Publicerad: New Delhi, India HarperCollins 1998
Ämnen:
Taggar: Lägg till en tagg
Inga taggar, Lägg till första taggen!
Thư viện lưu trữ: Trung tâm Học liệu Trường Đại học Cần Thơ
LEADER 00501nam a2200181Ia 4500
001 CTU_34019
008 210402s9999 xx 000 0 und d
082 |a 891.2 
082 |b B575 
100 |a The Bhagavadgĩtã 
245 4 |a The Bhagavadgĩtã 
245 4 |c The Bhagavadgĩtã, S Radhakrishnan 
260 |a New Delhi, India 
260 |b HarperCollins 
260 |c 1998 
650 |a indic literature 
904 |i Minh, 991118 
980 |a Trung tâm Học liệu Trường Đại học Cần Thơ